| 000 | 00561nam a2200193Ia 4500 | ||
|---|---|---|---|
| 003 | OSt | ||
| 005 | 20251211130424.0 | ||
| 008 | 210707s1983 xx 000 0 und d | ||
| 040 | _cAL | ||
| 041 | _aKannada | ||
| 082 | _aK894.3 KRAH | ||
| 100 |
_aKRASHNAMURTI PURANIKA _9138709 _dಕೃಷ್ಣಮೂರ್ತಿ ಪುರಾಣಿಕ |
||
| 245 |
_aHalunda tavaru. _bಹಾಲುಂಡ ತವರು |
||
| 260 |
_aBengaluru _bVishva Kannada Sammelana _c1983 |
||
| 300 | _aiv,212 p | ||
| 563 | _aPB | ||
| 650 |
_aKannada Fiction _9138710 |
||
| 942 |
_2ddc _cBK |
||
| 999 |
_c180138 _d180138 |
||